Malaya upside down

שמור ב:
מידע ביבליוגרפי
מחבר ראשי: Onn, Chin Kee
פורמט: ספר
שפה:Undetermined
יצא לאור: Singapore Federal Publications 1976
נושאים:
תגים: הוספת תג
אין תגיות, היה/י הראשונ/ה לתייג את הרשומה!
Thư viện lưu trữ: Trung tâm Học liệu Trường Đại học Cần Thơ
LEADER 00525nam a2200205Ia 4500
001 CTU_90185
008 210402s9999 xx 000 0 und d
082 |a 940.53 
082 |b O.58 
100 |a Onn, Chin Kee 
245 0 |a Malaya upside down 
245 0 |c Chin Kee Onn 
260 |a Singapore 
260 |b Federal Publications 
260 |c 1976 
650 |a World War, 1939-1945,Malaya 
650 |x History 
650 |z Malaya 
904 |i Năm,Hải 
980 |a Trung tâm Học liệu Trường Đại học Cần Thơ